Old tricks for new builds (Record no. 81844)
[ view plain ]
| 000 -LEADER | |
|---|---|
| fixed length control field | 01050cab a22001935a 4500 |
| 001 - CONTROL NUMBER | |
| control field | L148454 |
| 008 - FIXED-LENGTH DATA ELEMENTS--GENERAL INFORMATION | |
| fixed length control field | 090921s2009 xxkd f 000 0 eng d |
| 035 ## - SYSTEM CONTROL NUMBER | |
| System control number | (Sirsi) u148454 |
| 041 0# - LANGUAGE CODE | |
| Language code of text/sound track or separate title | eng |
| 100 1# - MAIN ENTRY--PERSONAL NAME | |
| Personal name | Le Poidevin, Jackie |
| 245 00 - TITLE STATEMENT | |
| Title | Old tricks for new builds |
| 260 ## - PUBLICATION, DISTRIBUTION, ETC. | |
| Date of publication, distribution, etc. | 2009 |
| 490 #0 - SERIES STATEMENT | |
| Series statement | Facilities Management |
| Volume/sequential designation | 16(10) July 2009, 16-19(4) |
| 520 ## - SUMMARY, ETC. | |
| Summary, etc. | Developers of commercial buildings should concentrate on traditional passive design features rather than construct ever taller glass towers with bolt-on renewable energy technology. The poor energy performance of glass, high-rise office blocks has been criticised at two recent conferences. Renewable technology payback periods are examined. The Innovate Green Office at Thorpe Park in Leeds is seen as an exemplar sustainable building and three of Edward Cullinan Architects' green projects are detailed. Table. Information boxes. |
| 590 ## - LOCAL NOTE (RLIN) | |
| Local note | KA |
| 651 #4 - SUBJECT ADDED ENTRY--GEOGRAPHIC NAME | |
| Geographic name | United Kingdom |
| Chronological subdivision | |
| 690 ## - LOCAL SUBJECT ADDED ENTRY--TOPICAL TERM (OCLC, RLIN) | |
| Topical term or geographic name as entry element | ENVIRONMENTAL AND LAND CONSULTANCY-ENERGY-ENERGY USE-ENERGY EFFICIENCY |
| 942 ## - ADDED ENTRY ELEMENTS (KOHA) | |
| Suppress in OPAC | 0 |
| Withdrawn status | Lost status | Source of classification or shelving scheme | Damaged status | Not for loan | Home library | Current library | Shelving location | Date acquired | Total Checkouts | Full call number | Barcode | Date last seen | Copy number | Price effective from | Koha item type |
|---|---|---|---|---|---|---|---|---|---|---|---|---|---|---|---|
| Dewey Decimal Classification | London | London | Journal article | 21/09/2009 | L148454 | 148454-1001 | 06/08/2019 | 1 | 06/08/2019 | Journal article |